| 000 | 00967nam a22001937a 4500 | ||
|---|---|---|---|
| 005 | 20240718124228.0 | ||
| 010 | _aB-760061 | ||
| 020 |
_a9789354096310 _c100.00 |
||
| 035 | _aB-760061 | ||
| 037 | _bउपहार | ||
| 082 | _aक | ||
| 100 |
_aश्रीवास्तव, अखिलेश _968528 |
||
| 245 |
_aश्वेता ओर सोनपरी/ _cअखिलेश श्रीवास्तव चमन |
||
| 260 |
_aन्यू दिल्ली _bप्रकाशन विभाग सूचना और प्रसारण मंत्रालय भारत सरकार _c2021 |
||
| 270 |
_aसी.जी.ओ काम्प्लेक्स लोधी रोड _bन्यू दिल्ली |
||
| 300 |
_a60पृष्ठ.; _c24सेमी, (आजिल्द) |
||
| 942 |
_adpl _cCH _2ddc _hक _mश्रीवास्त |
||
| 999 |
_c204175 _d204175 |
||